zpět

Detail výsledku týmu

Skáld Coffee, Louny

Datum a čas kvízu

34 Celkem bodů Celkový počet nahraných bodů na tomto kvízu bez doplňovacích otázek.
2. Pořadí na kvízu Konečné umístění týmu na tomto kvízu.

Zaznamenané odpovědi

# Otázka Odpověď Body Výsledky
1. Minulý týden navštívila Českou... Evropský parlament 0
2. Pokutami v celkové výši přes 3... Donald Trump 0
3. Minulý týden zemřel kreslíř Pa... Respekt 1
4. Nadnárodní gigant na poli výro... Nike 0
5. Který norský sportovec získal... Johannes Bö 1
6. Obec s nejdelším názvem v Česk... A 1
7. Česká republika se dělí na 14... Karlovy Vary, Jihlava 1
8. Nejníže položené sídlo v České... Hřensko 1
9. V této otázce bude potřeba k z... 1D 2C 3A 4B 0
10. V České republice jsou čtyři ú... NP Šumava 1